| 000 | 01029nam a2200253 a 4500 | ||
|---|---|---|---|
| 001 | 81504 | ||
| 003 | BD-RjUL | ||
| 005 | 20230604110139.0 | ||
| 008 | 230604s2021 bg a|||| m||| 00| 0 eng d | ||
| 035 | _a(BD-RjUL)81504 | ||
| 040 |
_aBD-RjUL _beng _cBD-RjUL _dBD-RjUL |
||
| 041 | _aeng | ||
| 082 |
_a658.8095492 _bRAH 2021 _223 |
||
| 100 |
_aRana, Md. Sohel _97841 |
||
| 245 | 1 | 0 |
_aHalal Tourism in Bangladesh : _bAn Empirical Study / _cMd. Sohel Rana ; _6Principal Supervisor : Md. Faridul Islam, Co-Supervisor : Sanjib Kumar Saha, |
| 260 |
_aRajshahi : _bDepartment of Marketing Faculty of Business Studies, University of Rajshahi, _c2021 |
||
| 300 |
_axxii, 329+46 Leaves : _bill, ; _c29 cm. |
||
| 502 | _aThesis (Ph. D.) -- Department of Marketing Faculty of Business Studies, University of Rajshahi, 2021 | ||
| 504 | _aReferences : Leaves 279-316 | ||
| 650 |
_aTourism _zBangladesh _97842 |
||
| 700 |
_aIslam, Md. Faridul, Principal Supervisor _97843 |
||
| 700 |
_aSaha, Sanjib Kumar, Co-Supervisor _97844 |
||
| 942 |
_2ddc _cTHE |
||
| 999 |
_c81504 _d81504 |
||